[Event "Quezon City U1800 op"]
[Site "Quezon City"]
[Date "2025.05.04"]
[Round "7"]
[White "Cordova, Lennox Georges"]
[Black "Palermo, Ferdinand"]
[Result "0-1"]
[WhiteElo "1548"]
[BlackElo "1732"]
[PlyCount "130"]
[EventDate "2025.05.03"]
[EventType "swiss"]
[EventRounds "7"]
[EventCountry "PHI"]
[SourceTitle "CB19_2025"]
[SourceDate "2025.05.07"]
[SourceVersion "1"]
[SourceVersionDate "2025.05.07"]
[SourceQuality "1"]

1. Nf3 d5 2. g3 c5 3. Bg2 Nc6 4. d4 Nf6 5. 0-0 h6 6. c4 e6 7. a3 a6 8. cxd5 exd5 9. dxc5 Bxc5 10. b4 Be7 11. Bb2 0-0 12. Qb3 Be6 13. Nd4 Nxd4 14. Bxd4 Qd7 15. Nd2 Rac8 16. Rac1 Qb5 17. Rfe1 Rxc1 18. Rxc1 Qxe2 19. Re1 Qb5 20. Rc1 Qe2 21. Nf3 Qb5 22. Bf1 Qd7 23. Ne5 Qd6 24. Qe3 Qb8 25. Ng6 Re8 26. Nxe7+ Rxe7 27. Bxf6 gxf6 28. Qxh6 Qe5 29. Bd3 f5 30. Qg5+ Kf8 31. Qh6+ Ke8 32. b5 Rc7 33. Rxc7 Qxc7 34. bxa6 bxa6 35. Bxa6 Qa5 36. Qh8+ Ke7 37. Qh4+ Kd7 38. Bd3 Qxa3 39. Qd4 Ke7 40. Qh4+ Kd7 41. Qd4 Ke7 42. Qh4+ Kd7 43. Qd4 Qb3 44. Qa7+ Kd6 45. Qd4 Ke7 46. Qe3 Qc3 47. Qa7+ Kf6 48. Qe3 d4 49. Qf3 Qe1+ 50. Kg2 Qe5 51. Qf4 Bd5+ 52. Kh3 Qxf4 53. gxf4 Be4 54. Be2 Bc2 55. Kg3 d3 56. Bxd3 Bxd3 57. f3 Bc4 58. Kf2 Bd5 59. Ke3 Kg6 60. h3 Kh5 61. Kd4 Bxf3 62. Ke5 Kg6 63. h4 f6+ 64. Ke6 Be4 65. Ke7 Kh5 0-1

[Event "Quezon City U1800 op"]
[Site "Quezon City"]
[Date "2025.05.03"]
[Round "2"]
[White "Cordova, Lennox Georges"]
[Black "Mahawan, Arnel Luna Jr"]
[Result "0-1"]
[WhiteElo "1548"]
[BlackElo "1715"]
[PlyCount "78"]
[EventDate "2025.05.03"]
[EventType "swiss"]
[EventRounds "7"]
[EventCountry "PHI"]
[SourceTitle "CB19_2025"]
[SourceDate "2025.05.07"]
[SourceVersion "1"]
[SourceVersionDate "2025.05.07"]
[SourceQuality "1"]

1. Nf3 c5 2. g3 Nf6 3. Bg2 Nc6 4. c4 g6 5. b3 Bg7 6. Bb2 0-0 7. 0-0 d6 8. Nc3 a6 9. d3 e5 10. a3 Rb8 11. Nd2 Bd7 12. Nde4 Nxe4 13. Nxe4 Qe7 14. Nc3 f5 15. Nd5 Qd8 16. f4 Ne7 17. fxe5 dxe5 18. e4 Nxd5 19. cxd5 h5 20. exf5 Bxf5 21. Be4 Bg4 22. Qc2 Qb6 23. Kg2 h4 24. h3 Bf5 25. g4 Bxe4+ 26. dxe4 c4 27. Qd2 Qxb3 28. Qc3 Qb6 29. Bc1 Rxf1 30. Be3 Qxe3 31. Qxe3 Rxa1 32. d6 Rd1 33. Qe2 Rd4 34. Kf3 Rf8+ 35. Kg2 c3 36. Kg1 Bh6 37. g5 Bxg5 38. Qg4 Be3+ 39. Kh1 Rf1+ 0-1